00392nam a2200145Ia 4500003000900000008004100009020001800050040001600068080001700084100001300101245004600114260004800160300001600208650002200224IN-BaIIA211028s9999 xx 000 0 eng d a0-691-00435-8 cIIA Library a530.145bOMN aOmnes, R 0aUnderstanding quantum mechanicscR. Omnes aPrincetonbPrinceton University Pressc1999 axiii, 307p. aQuantum mechanics